| 000 | 00954cab a22002295a 4500 | ||
|---|---|---|---|
| 001 | L156863 | ||
| 008 | 120723e20120120xxk 000 0 eng d | ||
| 035 | _a(Sirsi) u156863 | ||
| 041 | 0 | _aeng | |
| 100 | 1 | _aHayman, Allister | |
| 245 | 0 | 0 |
_aBalfour Beatty still on top _bbusiness barometer |
| 260 | _c2012 | ||
| 490 |
_aBuilding _v277 (8737) 20 July 2012, 18-19(2) |
||
| 520 | _aOverview; tables of top contractors including and excluding civils for June 2012; yearly work won including and excluding civils July 2011-June 2012; top architects and top quantity surveyors July 2011-June 2012 using information from Barbour ABI. Also comments on the private commercial retail index, the CPA/Barbour ABI Index and the latest construction output figures. | ||
| 590 | _aKA | ||
| 651 | 4 |
_aUnited Kingdom _y |
|
| 690 |
_aContracts _96232 |
||
| 690 |
_aConstruction management _96230 |
||
| 700 | 1 | _aGreen, Brian | |
| 700 | 1 | _aFrancis, Noble | |
| 942 | _n0 | ||
| 999 |
_c84184 _d84184 |
||